000 01439nam a22002297a 4500
999 _c505
_d505
003 AR-CdUCM
008 190223b ||||| |||| 00| 0 spa d
040 _aMUNICIPALIDAD PROVINCIAL DEL CUSCO
_cBIBLIOTECA MUNICIPAL DEL CUSCO
041 _heng
082 _a818.44 /
_bT98
_24ed.
_25ed.
100 _aTwain, Mark
_9733
245 _aNovelas completas y ensayos /
260 _aMadrid :
_bAguilar,
_c1966-
_c1967
300 _a2 tomos ;
_c18 cm.
505 _aContenido: t.1 La rana saltarina. Pasando fatigas. La edad dorada. Aventuras de Tom Sawyer. El príncipe y el mendigo. Tom Sawyer, en el extranjero. La vida en el Mississippí. Tom Sawyer, detective. Historia detectivesca de dos cañones. Mi novia platónica. Ensayos literarios (10 trabajos) -- t.2. Aventuras de Huckleberry Finn. Un yanqui de Connecticut en la Corte del Rey Arturo. Un pretendiente norteamericano. El billete del millón de libras. El calabaza Wilson. Los prodigiosos mellizos. Mis recuerdos personales de Juana de Arco. El hombre que corrompió a Hadleyburg. La historia de un caballo. El capitán Tormenta visita el Cielo. El forastero misterioso. La ficha mortal. La novela de la Doncella esquimal. Ensayos humorísticos (34 trabajos).
650 _aEnsayos estadounidenses
_91963
650 _aNovelas estadounidenses
_9734
650 _aNovelas siglo XIX
_9853
700 _a Lázaro Ros, Amando (traductor)
_91964
942 _2ddc
_cLIBROS
945 _azta